L'économie de grand espace; (Record no. 2594)

MARC details
000 -LEADER
fixed length control field 00756cam a22002411 4500
001 - CONTROL NUMBER
control field af 47004329
003 - CONTROL NUMBER IDENTIFIER
control field DLC
005 - DATE AND TIME OF LATEST TRANSACTION
control field 20260227110825.0
008 - FIXED-LENGTH DATA ELEMENTS--GENERAL INFORMATION
fixed length control field 850712s1946 fr b 000 0 fre c
010 ## - LIBRARY OF CONGRESS CONTROL NUMBER
LC control number af 47004329
035 ## - SYSTEM CONTROL NUMBER
System control number (OCoLC)12259695
040 ## - CATALOGING SOURCE
Original cataloging agency Harvard univ. Library
Transcribing agency CLU
Modifying agency DLC
042 ## - AUTHENTICATION CODE
Authentication code premarc
050 00 - LIBRARY OF CONGRESS CALL NUMBER
Classification number HD83
Item number .L44
082 ## - DEWEY DECIMAL CLASSIFICATION NUMBER
Classification number 330.1
100 1# - MAIN ENTRY--PERSONAL NAME
Personal name Lescoffier, François.
245 13 - TITLE STATEMENT
Title L'économie de grand espace;
Remainder of title les grands blocs économiques,
Statement of responsibility, etc. par François Lescoffier ...
260 ## - PUBLICATION, DISTRIBUTION, ETC.
Place of publication, distribution, etc. Paris,
Name of publisher, distributor, etc. Librairie générale de droit et de jurisprudence,
Date of publication, distribution, etc. 1946.
300 ## - PHYSICAL DESCRIPTION
Extent 210 p., 1 l.
Dimensions 19 cm.
490 0# - SERIES STATEMENT
Series statement Collection d'études économiques,
Volume/sequential designation xxv
504 ## - BIBLIOGRAPHY, ETC. NOTE
Bibliography, etc. note Bibliographical foot-notes.
650 #0 - SUBJECT ADDED ENTRY--TOPICAL TERM
Topical term or geographic name entry element Economic policy.

No items available.

Powered by Koha